| 000 | 00656cam a22002172 4500 | ||
|---|---|---|---|
| 001 | 0000021412 | ||
| 005 | 20151217145937.0 | ||
| 008 | 120425s xx 000 0 eng d | ||
| 020 | _a0421892101 : | ||
| 040 |
_aKABU _cKABU |
||
| 100 | 1 |
_aArlidge, Anthony. _@0000182252 |
|
| 245 | 1 | 0 | _aArlidge and Parry on fraud. |
| 250 |
_a3rd ed. / _bJacques Parry with Anthony Arlidge. |
||
| 260 |
_aLondon : _bSweet & Maxwell, _c2007. |
||
| 300 | _alxxxv, 736 p. | ||
| 650 | 0 |
_aFraud _zGreat Britain. _@0000179710 |
|
| 700 | 1 |
_a Parry, Jacques. _@0000182253 |
|
| 852 | 1 | _9p35,000 KES | |
| 908 | _a120425 | ||
| 950 | _@1 | ||
| 999 |
_c4313 _d4313 |
||